Mukammal lughāt al-Qurʼān, (Record no. 77319)

MARC details
000 -LEADER
fixed length control field 00916cam a22002771 4500
001 - CONTROL NUMBER
control field sa 68000598
003 - CONTROL NUMBER IDENTIFIER
control field DLC
005 - DATE AND TIME OF LATEST TRANSACTION
control field 20260227112425.0
008 - FIXED-LENGTH DATA ELEMENTS--GENERAL INFORMATION
fixed length control field 910221m19641965ii d 000 0 arar
010 ## - LIBRARY OF CONGRESS CONTROL NUMBER
LC control number sa 68000598
025 ## - OVERSEAS ACQUISITION NUMBER
Overseas acquisition number PL480:UAR-1688
035 ## - SYSTEM CONTROL NUMBER
System control number (OCoLC)23133869
040 ## - CATALOGING SOURCE
Original cataloging agency DLC
Transcribing agency WaU
Modifying agency DLC
041 0# - LANGUAGE CODE
Language code of text/sound track or separate title araurd
042 ## - AUTHENTICATION CODE
Authentication code premarc
050 00 - LIBRARY OF CONGRESS CALL NUMBER
Classification number BP133
Item number .N8
100 1# - MAIN ENTRY--PERSONAL NAME
Personal name Naʻmānī, Muḥammad ʻAbd al-Rashīd.
245 00 - TITLE STATEMENT
Title Mukammal lughāt al-Qurʼān,
Remainder of title maʻa fihrist alfāẓ.
Statement of responsibility, etc. / Taʼlif Muḥammad ʻAbdurrashīd Nuʻmānī.
260 ## - PUBLICATION, DISTRIBUTION, ETC.
Place of publication, distribution, etc. [Dehlī,
Name of publisher, distributor, etc. Nadvat al-muṣannifīn,
Date of publication, distribution, etc. 1964-65]
300 ## - PHYSICAL DESCRIPTION
Extent 6 v.
Dimensions 25 cm.
490 0# - SERIES STATEMENT
Series statement Silsilah-yi nadvat al-Muṣannifīn,
Volume/sequential designation 24, 28, 55, 63, 66
500 ## - GENERAL NOTE
General note Vols. 5-6: Taʼlīf: Sayyid ʻAbdudāʼim Jalālī.
500 ## - GENERAL NOTE
General note Arabic and Urdu.
630 00 - SUBJECT ADDED ENTRY--UNIFORM TITLE
Uniform title Qurʼan
General subdivision Dictionaries
-- Urdu.
700 1# - ADDED ENTRY--PERSONAL NAME
Personal name Jalālī, ʻAbduddaʼim,
Relator term joint author.

No items available.

Powered by Koha